| 000 | 00329nam a22001337a 4500 | ||
|---|---|---|---|
| 999 |
_c529007 _d529007 |
||
| 003 | NUST | ||
| 038 | _aMSOHAIL | ||
| 082 | _a0 | ||
| 100 |
_aFederal Highway Administration _919993 |
||
| 245 | _aHandbook: Traffic control systems | ||
| 260 |
_aUSA _bFederal Highway Administration _c1985 |
||
| 300 |
_av.p; _c25cm |
||
| 942 |
_2ddc _cBK |
||